000
00245nam a2200097Ia 4500
008
190216s9999||||xx |||||||||||||| ||und||
100
_a
Sivadasa Sinh
245
0
_a
Hindi-Alochana Swathanthryathar Hindi Sahithya
260
_b
Rajkamal
942
_c
BK
999
_c
17058
_d
17058